Relatos fantásticos y de ciencia ficción /

Guardado en:
Otros Autores: Merino, Vladmiro, il.
Formato: Libro
Publicado: Buenos Aires : La Nación
Series:Libros ilustrados. Serie Argentina
Materias:
Etiquetas: Agregar Etiqueta
Sin Etiquetas, Sea el primero en etiquetar este registro!
LEADER 00827nam a22002295a 4500
001 CEM.cems012678
005 20070821164412.0
008 130507b######################000#0#####d
003 CEMS
082 0 4 |a FA860 
245 0 0 |a Relatos fantásticos y de ciencia ficción /  |c Ilustraciones de Vladmiro Merino 
260 |a Buenos Aires :  |b La Nación 
300 |a 33 p. 
490 0 |a Libros ilustrados. Serie Argentina 
505 0 |a Yzur / Leopoldo Lugones -- El busto / Manuel Peyrou -- La pera irremediable / Guillermo Boido y Angélica Gorodischer -- Timbuctú / Carlos Gardini 
653 |a Literatura 
653 |a Literatura argentina 
653 |a Cuentos 
653 |a Cuentos-ciencia ficción 
653 |a Cuentos fantásticos 
700 1 |a Merino, Vladmiro, il. 
859 |a CEMS  |b BIB. CEMS - 11 de abril  |h FA860  |i 42-2  |p 2154.44  |t Ej.1